000 nam a22 a 4500
999 _c328838
_d328838
003 BLK
005 20211110135607.0
008 190211b bu de|||r|||| 00| 0 bu d
020 _a9789547452930
040 _aBLK
041 _aBUL
_cBUL
080 _b373.3.016:53
_x(079)(075.2)
_z373.3.016:53(079)(075.2)
100 _9364185
_aРайчева, Анка Борисова
_eпърви автор
139 _aРайчева, Анка Борисова
_bР 29
245 _aФизика и астрономия 7. клас : сборник задачи и тестове
_cАнка Райчева
260 _9209564
_aСофия
_bРегалия 6
_c2018
_f(София : Инвестпрес)
300 _a143 с.
_bс черт., табл., сх.
_c24 см
380 _a3
500 _aЗагл. на гърба на кн.: Сборник задачи и тестове за 7. клас физика и астрономия. - Загл. в изд. каре: Сборник задачи и тестове физика 7. клас. - Загл. на гърба на кор.: Сборник задачи и тестове за 7. клас
650 0 _9247662
_aФизика - учебници за основни училища
653 7 _9199275
_aфизика
653 7 _9181437
_aастрономия
653 7 _9180186
_aVІІ кл.
653 7 _9198264
_aтестове
852 _aЦб 293580
852 _bД
_c373.3.016/Р 29 Р
942 _cKNG
_n0
_s1
_01
944 _aCR
_c2019-02-11
_kПетя Минчева
_l2019-02-11
944 _aED
_c2021-10-20
_kГГГ
_l2021-10-20